Sayings of Basavanna (Record no. 224388)

MARC details
000 -LEADER
fixed length control field 00480nam a22001817a 4500
005 - DATE AND TIME OF LATEST TRANSACTION
control field 20220803092433.0
008 - FIXED-LENGTH DATA ELEMENTS--GENERAL INFORMATION
fixed length control field 220802b ||||| |||| 00| 0 eng d
040 ## - CATALOGING SOURCE
Transcribing agency AL
041 ## - LANGUAGE CODE
Language code of text/sound track or separate title English
082 ## - DEWEY DECIMAL CLASSIFICATION NUMBER
Edition number 23
Classification number 291
Item number IYES
100 ## - MAIN ENTRY--PERSONAL NAME
Personal name Masti Venkatesa Iyengar
100 ## - MAIN ENTRY--PERSONAL NAME
9 (RLIN) 54496
245 ## - TITLE STATEMENT
Title Sayings of Basavanna
260 ## - PUBLICATION, DISTRIBUTION, ETC.
Place of publication, distribution, etc. Bangalore
Name of publisher, distributor, etc. Basava Samiti
Date of publication, distribution, etc. 1983
300 ## - PHYSICAL DESCRIPTION
Extent 74 p.
Other physical details PB
Dimensions 21x13 cm.
650 ## - SUBJECT ADDED ENTRY--TOPICAL TERM
Topical term or geographic name entry element Basavanna
9 (RLIN) 54497
700 ## - ADDED ENTRY--PERSONAL NAME
Personal name IYENGAR (Venkatesa)
9 (RLIN) 54498
942 ## - ADDED ENTRY ELEMENTS (KOHA)
Source of classification or shelving scheme Dewey Decimal Classification
Koha item type George Fernandes Collections
Holdings
Withdrawn status Lost status Source of classification or shelving scheme Damaged status Not for loan Collection code Home library Current library Date acquired Total Checkouts Full call number Barcode Date last seen Price effective from Koha item type
    Dewey Decimal Classification     Others St Aloysius Library St Aloysius Library 03/23/2013   291 IYES GF00979 08/02/2022 08/02/2022 George Fernandes Collections